000 00383nam a2200157Ia 4500
008 210716s2003 xx 000 0 und d
020 _a9788192082325
041 _aeng
082 _a374.22 CHAN
100 _aChandramouli, N.
245 _aDecoding communication.
250 _a1
260 _aMumbai
_bTRA Publishing
_c2003
300 _axvi,249
650 _aGeneral Management
999 _c208217
_d208217